| 000 | 00488nam a2200169Ia 4500 | ||
|---|---|---|---|
| 999 |
_c35113 _d35113 |
||
| 003 | OSt | ||
| 005 | 20201223144619.0 | ||
| 008 | 190216s9999||||xx |||||||||||||| ||und|| | ||
| 040 | _coclc | ||
| 082 |
_a297.1241 _bMOU/S |
||
| 100 |
_aMoulavi, C N Ahmed _91885 |
||
| 245 | 0 |
_aSaheehul Bukhari / _cC N Ahmed Moulavi |
|
| 250 | _a6th Ed. | ||
| 260 |
_bAlhuda Book Stall, _aKozhikode: _c2002. |
||
| 300 | _a1064p | ||
| 942 |
_cREF _2ddc _h297.1241 _iMOU/S _k297.1241 _mMOU/S |
||